000 005790000a22001930004500
003 LK-CoMWRAF
005 20231230153055.0
008 230817t1994 ||||| |||| 00| 0 eng d
040 _aLK-CoMWRAF
_dLK-CoMWRAF
_eLK-CoMWRAF
041 _aeng
082 _a954.91
_bMIR
100 _aMirza, Shireen Nana Nee
245 _aLetters to Emily :
_bGlimpses of life from inside and outside the haveli
260 _aPakistan :
_bKifayat,
_c1994
300 _a125p
650 _aSindh (Pakistan)--Social life and customs
650 _aSindh (Pakistan)--Social conditions
942 _cBK
999 _c1208
_d1208